[Event "2016 Red Deer Open"]
[Site "Red Deer"]
[Date "2016.04.16"]
[Round "3.2"]
[White "Moreau, Stephen"]
[Black "Taranik, Alexey"]
[Result "1/2-1/2"]
[WhiteElo "1599"]
[BlackElo "1698"]
[PlyCount "62"]
[EventDate "2016.04.16"]
[EventType "swiss"]
[EventRounds "5"]
[EventCountry "CAN"]

1. e4 e6 2. d4 d5 3. e5 c5 4. c3 Nc6 5. Nf3 Bd7 6. Bd3 cxd4 7. cxd4 Qb6 8. Bc2
Rc8 9. a3 Na5 10. O-O Ne7 11. Nc3 h6 12. Ne2 Bb5 13. Be3 Bxe2 14. Qxe2 Nb3 15.
Rab1 Nc6 16. Qd3 Nca5 17. Nd2 Nxd2 18. Bxd2 g6 19. Rfc1 Nc6 20. Bc3 Bg7 21. h4
h5 22. b4 O-O 23. Rd1 Qc7 24. Rb3 Ne7 25. Qg3 Nf5 26. Bxf5 exf5 27. Qg5 Qd8 28.
f4 Qxg5 29. hxg5 Rc4 30. Kf2 Rfc8 31. Rd3 Kf8 1/2-1/2

[Event "2016 Red Deer Open"]
[Site "Red Deer"]
[Date "2016.04.17"]
[Round "4.1"]
[White "Koperski, Dustin"]
[Black "Miller, David"]
[Result "0-1"]
[WhiteElo "1729"]
[BlackElo "2241"]
[PlyCount "42"]
[EventDate "2016.04.16"]
[EventType "swiss"]
[EventRounds "5"]
[EventCountry "CAN"]

1. e4 e6 2. b3 c5 3. Bb2 Nc6 4. Nf3 Qc7 5. c4 d6 6. Be2 Nf6 7. O-O Nxe4 8. d3
Nf6 9. Qd2 Be7 10. Qg5 O-O 11. Nbd2 e5 12. Qh4 Nd5 13. Ng5 h6 14. cxd5 Bxg5 15.
Qg3 Bf4 16. Qh4 Bxd2 17. dxc6 bxc6 18. f4 Bxf4 19. Rxf4 exf4 20. Qxf4 f5 21.
Bh5 Qe7 0-1

[Event "2016 Red Deer Open"]
[Site "Red Deer"]
[Date "2016.04.17"]
[Round "4.2"]
[White "Jackson, Philippe"]
[Black "Taranik, Alexey"]
[Result "1/2-1/2"]
[WhiteElo "1736"]
[BlackElo "1698"]
[PlyCount "64"]
[EventDate "2016.04.16"]
[EventType "swiss"]
[EventRounds "5"]
[EventCountry "CAN"]

1. Nf3 d5 2. g3 c5 3. Bg2 Nc6 4. d4 e6 5. a3 Nf6 6. O-O Be7 7. Nc3 h6 8. b3 O-O
9. Re1 cxd4 10. Nxd4 e5 11. Nxc6 bxc6 12. e4 d4 13. Ne2 Qb6 14. Kh1 Ng4 15. Rf1
d3 16. Qxd3 Nxf2+ 17. Rxf2 Qxf2 18. Be3 Qf6 19. Rf1 Qd6 20. Qc4 a5 21. Qc3 Ba6
22. Rf2 Bxe2 23. Rxe2 Qd1+ 24. Re1 Qd6 25. Bh3 Qxa3 26. Qxe5 Bf6 27. Qf5 Qb4
28. Rf1 Rae8 29. Bg2 Re5 30. Qd7 Rxe4 31. Bc5 Qxc5 32. Bxe4 Rd8 1/2-1/2

[Event "2016 Red Deer Open"]
[Site "Red Deer"]
[Date "2016.04.17"]
[Round "5.2"]
[White "Jackson, Philippe"]
[Black "Koperski, Dustin"]
[Result "1/2-1/2"]
[WhiteElo "1736"]
[BlackElo "1729"]
[PlyCount "50"]
[EventDate "2016.04.16"]
[EventType "swiss"]
[EventRounds "5"]
[EventCountry "CAN"]

1. e4 c5 2. c3 g6 3. d4 cxd4 4. cxd4 Bg7 5. Nf3 d5 6. exd5 Nf6 7. Bc4 Nxd5 8.
Nc3 Nb6 9. Bb3 O-O 10. O-O N8d7 11. Bf4 Nf6 12. Re1 Nbd5 13. Nxd5 Nxd5 14. Bxd5
Qxd5 15. Rxe7 Bg4 16. Be3 Rfd8 17. h3 Bxf3 18. Qxf3 Qxf3 19. gxf3 Bxd4 20. Bxd4
Rxd4 21. Rxb7 a5 22. Rc1 Rf4 23. Kg2 Rf5 24. Rcc7 Rg5+ 25. Kf1 Rf5 1/2-1/2

[Event "2016 Red Deer Open"]
[Site "Red Deer"]
[Date "2016.04.17"]
[Round "5.3"]
[White "Taranik, Alexey"]
[Black "Scholz, Mike"]
[Result "1/2-1/2"]
[WhiteElo "1698"]
[BlackElo "1444"]
[PlyCount "28"]
[EventDate "2016.04.16"]
[EventType "swiss"]
[EventRounds "5"]
[EventCountry "CAN"]

1. c4 g6 2. g3 Bg7 3. Bg2 Nc6 4. e4 e5 5. Nc3 Nge7 6. Nge2 O-O 7. O-O d6 8. d3
f5 9. f3 Nd4 10. Nxd4 exd4 11. Ne2 c5 12. Rb1 a5 13. b3 Qd7 14. Qc2 Nc6 1/2-1/2

[Event "11th Edmonton International Qualifier"]
[Site "Edmonton"]
[Date "2016.04.30"]
[Round "1.1"]
[White "Yao, David"]
[Black "Findlay, Ian"]
[Result "0-1"]
[WhiteElo "1810"]
[BlackElo "2282"]
[PlyCount "42"]
[EventDate "2016.04.30"]
[EventType "swiss"]
[EventRounds "5"]
[EventCountry "CAN"]

1. Nf3 Nf6 2. g3 d5 3. Bg2 e6 4. d3 Be7 5. O-O c5 6. Nbd2 Nc6 7. e4 O-O 8. Ne1
b6 9. f4 dxe4 10. dxe4 Qc7 11. e5 Ne8 12. Ne4 f5 13. Nc3 Ba6 14. Nd3 Rd8 15. a3
c4 16. b4 cxd3 17. b5 Nd4 18. Qxd3 Qxc3 19. Qxc3 Ne2+ 20. Kh1 Nxc3 21. bxa6 Nc7
0-1

[Event "11th Edmonton International Qualifier"]
[Site "Edmonton"]
[Date "2016.04.30"]
[Round "1.2"]
[White "Haynes, Nicolas"]
[Black "McLeod, Logan"]
[Result "1-0"]
[WhiteElo "2277"]
[BlackElo "1806"]
[PlyCount "37"]
[EventDate "2016.04.30"]
[EventType "swiss"]
[EventRounds "5"]
[EventCountry "CAN"]

1. b3 e6 2. Bb2 f5 3. e4 fxe4 4. Qh5+ Ke7 5. Nc3 Qe8 6. Qh4+ Nf6 7. Nxe4 Qg6 8.
Bd3 Qf7 9. Nf3 d6 10. Nfg5 Qg8 11. Nxf6 gxf6 12. Nxh7 Bg7 13. Bxf6+ Kd7 14. O-O
b6 15. Qg5 Rxh7 16. Bxh7 Qxh7 17. Qxg7+ Qxg7 18. Bxg7 Bb7 19. h4 1-0

[Event "11th Edmonton International Qualifier"]
[Site "Edmonton"]
[Date "2016.04.30"]
[Round "1.3"]
[White "Menard, Tyson"]
[Black "Gardner, Robert"]
[Result "0-1"]
[WhiteElo "1695"]
[BlackElo "2242"]
[PlyCount "60"]
[EventDate "2016.04.30"]
[EventType "swiss"]
[EventRounds "5"]
[EventCountry "CAN"]

1. e4 c5 2. d4 cxd4 3. c3 Nf6 4. e5 Nd5 5. Nf3 e6 6. cxd4 b6 7. Bd2 Bb7 8. Nc3
Nxc3 9. Bxc3 Be7 10. Bd3 d6 11. O-O Nd7 12. Rc1 O-O 13. Qc2 h6 14. Qe2 dxe5 15.
dxe5 Nc5 16. Bb1 Ba6 17. Qc2 Bd3 18. Qd1 Bxf1 19. Qxf1 Rc8 20. Rd1 Qc7 21. Nd4
Rfd8 22. Re1 Na4 23. Qd3 g6 24. Qh3 Nxc3 25. Bxg6 Rxd4 26. Qxh6 Rh4 27. Bh5
Ne2+ 28. Kf1 Nf4 29. g4 Qc4+ 30. Kg1 Nxh5 0-1

[Event "11th Edmonton International Qualifier"]
[Site "Edmonton"]
[Date "2016.04.30"]
[Round "1.4"]
[White "Villavieja, Butch"]
[Black "Hughey, Leah"]
[Result "1-0"]
[WhiteElo "2140"]
[BlackElo "1664"]
[PlyCount "115"]
[EventDate "2016.04.30"]
[EventType "swiss"]
[EventRounds "5"]
[EventCountry "CAN"]

1. e4 e6 2. d4 d5 3. e5 c5 4. Nf3 Nc6 5. Bd3 cxd4 6. O-O Qb6 7. a3 g6 8. b4 Bg7
9. Re1 a6 10. Bb2 Bd7 11. Nbd2 Nge7 12. Nb3 O-O 13. Nbxd4 a5 14. b5 Na7 15. a4
Nf5 16. Nb3 Rac8 17. Qd2 Qd8 18. Qxa5 Qxa5 19. Nxa5 b6 20. Nb3 Rc7 21. g4 Nh6
22. g5 Nf5 23. Nbd4 Rfc8 24. Nxf5 exf5 25. Nd4 h6 26. h4 hxg5 27. hxg5 f4 28.
Bc1 f3 29. Bf4 Bg4 30. a5 bxa5 31. b6 Nc6 32. bxc7 Nxd4 33. Rxa5 Ne6 34. Bg3
Rxc7 35. Rxd5 Re7 36. Re4 Bh5 37. Re3 Ra7 38. Kh2 Nxg5 39. Bh4 Ne6 40. Re1 Ra4
41. Bg3 Ng5 42. Rd8+ Bf8 43. Rb1 Ne6 44. Rdb8 Kg7 45. Bb5 Ra2 46. Rc8 Nd4 47.
Bd3 Be7 48. Rb7 Bf8 49. Rxf7+ Kxf7 50. Bc4+ Ke7 51. Bxa2 g5 52. e6 Bg4 53. Rc4
Bxe6 54. Rxd4 Bxa2 55. Bd6+ Kf7 56. Bxf8 Kxf8 57. Kg3 Bb1 58. c4 1-0

[Event "11th Edmonton International Qualifier"]
[Site "Edmonton"]
[Date "2016.04.30"]
[Round "1.6"]
[White "Malek, Omid"]
[Black "Seehagen, Terry"]
[Result "1-0"]
[WhiteElo "2035"]
[BlackElo "1623"]
[PlyCount "49"]
[EventDate "2016.04.30"]
[EventType "swiss"]
[EventRounds "5"]
[EventCountry "CAN"]

1. d4 Nf6 2. Bg5 Ne4 3. Bf4 d5 4. e3 g6 5. Bd3 Bg7 6. Nd2 Nd6 7. Ngf3 O-O 8.
O-O b6 9. c4 dxc4 10. Nxc4 Bb7 11. Qe2 Nd7 12. Rac1 Nf6 13. Be5 Nfe4 14. Bxg7
Kxg7 15. b4 h5 16. Nce5 f6 17. Nc6 Qd7 18. Qc2 Ng5 19. Nxg5 fxg5 20. Ne5 Qe6
21. Bxg6 h4 22. Bh5 h3 23. Bg4 Qd5 24. Qg6+ Kh8 25. Qh6+ 1-0

[Event "11th Edmonton International Qualifier"]
[Site "Edmonton"]
[Date "2016.04.30"]
[Round "1.7"]
[White "Zita, Matthew"]
[Black "Briones, Dante"]
[Result "0-1"]
[WhiteElo "1596"]
[BlackElo "2012"]
[PlyCount "96"]
[EventDate "2016.04.30"]
[EventType "swiss"]
[EventRounds "5"]
[EventCountry "CAN"]

1. e4 c5 2. Nf3 d6 3. d4 cxd4 4. Nxd4 Nf6 5. Nc3 a6 6. Be2 e5 7. Nb3 Be6 8. O-O
Be7 9. Be3 Nbd7 10. Qd2 Rc8 11. f3 Qc7 12. a4 O-O 13. Rfd1 Rfd8 14. Kh1 d5 15.
exd5 Nb6 16. Bxb6 Qxb6 17. a5 Qc7 18. Ne4 Bxd5 19. Nxf6+ Bxf6 20. Bd3 e4 21.
fxe4 Bxe4 22. Rab1 Be5 23. h3 Bd5 24. Qb4 g6 25. c3 Qc6 26. Bf1 Qe6 27. Rxd5
Qxd5 28. Be2 Bb8 29. Nd4 Qe4 30. Re1 Qe3 31. Qxb7 Qg3 32. Nf3 Re8 33. Rf1 Rc7
34. Qxa6 Rce7 35. Bb5 Re6 36. Qb7 R8e7 37. Qd5 h6 38. Qd8+ Kh7 39. Qd2 Re3 40.
Qf2 Rxf3 41. gxf3 Qxh3+ 42. Kg1 Re5 43. Bd7 Qxd7 44. f4 Rh5 45. Qg3 Ba7+ 46.
Kg2 Qd2+ 47. Rf2 Bxf2 48. Qxf2 Rh2+ 0-1

[Event "11th Edmonton International Qualifier"]
[Site "Edmonton"]
[Date "2016.04.30"]
[Round "2.1"]
[White "Findlay, Ian"]
[Black "Malek, Omid"]
[Result "1-0"]
[WhiteElo "2282"]
[BlackElo "2035"]
[PlyCount "97"]
[EventDate "2016.04.30"]
[EventType "swiss"]
[EventRounds "5"]
[EventCountry "CAN"]

1. e4 e6 2. d4 d5 3. Nd2 Nc6 4. Ngf3 Nf6 5. e5 Nd7 6. Nb3 a5 7. a4 Be7 8. Bb5
O-O 9. O-O Ncb8 10. Be3 b6 11. Qe2 c6 12. Bd3 Na6 13. c3 c5 14. Nc1 cxd4 15.
Bxd4 Nac5 16. Bb1 Ba6 17. Qc2 Ne4 18. Re1 g6 19. Ne2 Ndc5 20. Qd1 Bc4 21. Bc2
b5 22. axb5 Bxb5 23. Ng3 Nxg3 24. hxg3 Qd7 25. Nh2 Qc7 26. Ng4 Nd7 27. Qd2 Qd8
28. Qh6 Bg5 29. Qh3 h5 30. Ne3 Ra6 31. f4 Be7 32. g4 h4 33. g5 Kg7 34. Qxh4 Rh8
35. Qg3 Bc5 36. Rad1 Bxd4 37. Rxd4 Qb6 38. Qf2 Nb8 39. Rd2 Nc6 40. Ng4 Qc7 41.
Nf6 Ne7 42. Re3 Raa8 43. Rh3 a4 44. Rxh8 Rxh8 45. Qd4 Ra8 46. Bd3 Bxd3 47. Rxd3
a3 48. bxa3 Rxa3 49. Ne8+ 1-0

[Event "11th Edmonton International Qualifier"]
[Site "Edmonton"]
[Date "2016.04.30"]
[Round "2.2"]
[White "Briones, Dante"]
[Black "Haynes, Nicolas"]
[Result "0-1"]
[WhiteElo "2012"]
[BlackElo "2277"]
[PlyCount "48"]
[EventDate "2016.04.30"]
[EventType "swiss"]
[EventRounds "5"]
[EventCountry "CAN"]

1. e4 e5 2. f4 d5 3. exd5 exf4 4. Nf3 Nf6 5. Bc4 Nxd5 6. Bb3 Nc6 7. Nc3 Nxc3 8.
bxc3 Bd6 9. d4 Qe7+ 10. Kf2 O-O 11. c4 Bg4 12. c3 Rad8 13. Bd2 b6 14. Bc2 Qf6
15. Qb1 Bxf3 16. Kxf3 Qh4 17. Qb5 Na5 18. Rae1 c6 19. Qa4 Rfe8 20. Be4 g5 21.
Bf5 h5 22. g3 g4+ 23. Kg2 Qh3+ 24. Kg1 f3 0-1

[Event "11th Edmonton International Qualifier"]
[Site "Edmonton"]
[Date "2016.04.30"]
[Round "2.4"]
[White "Wang, Kaixin"]
[Black "Villavieja, Butch"]
[Result "0-1"]
[WhiteElo "1851"]
[BlackElo "2140"]
[PlyCount "88"]
[EventDate "2016.04.30"]
[EventType "swiss"]
[EventRounds "5"]
[EventCountry "CAN"]

1. Nf3 Nf6 2. d4 g6 3. g3 Bg7 4. Bg2 O-O 5. O-O d6 6. c4 Nc6 7. Nc3 a6 8. h3
Rb8 9. a4 Nb4 10. Na2 Nxa2 11. Rxa2 Bf5 12. Nh4 Bb1 13. Ra1 Be4 14. f3 Bc6 15.
d5 Bd7 16. e4 Nh5 17. Kh2 e5 18. Bh1 Qc8 19. g4 Nf4 20. Ng2 g5 21. Nxf4 exf4
22. Qc2 c6 23. Qd3 cxd5 24. Qxd5 Be5 25. Qd1 Qxc4 26. b3 Qc7 27. Ra2 Rbc8 28.
Ba3 Be6 29. Rd2 Rfd8 30. Bg2 Qb6 31. Bb2 Bxb3 32. Qa1 f6 33. Bxe5 dxe5 34. Rb2
Qe6 35. Rfb1 Rd3 36. Rc1 Rxc1 37. Qxc1 Qc6 38. Qb1 Rd1 39. Rxb3 Rxb1 40. Rxb1
b6 41. a5 b5 42. Rd1 Qc7 43. Ra1 Qc5 44. Ra2 b4 0-1

[Event "11th Edmonton International Qualifier"]
[Site "Edmonton"]
[Date "2016.04.30"]
[Round "2.6"]
[White "Dave, Bhavik"]
[Black "Yao, David"]
[Result "1-0"]
[WhiteElo "1897"]
[BlackElo "1810"]
[PlyCount "103"]
[EventDate "2016.04.30"]
[EventType "swiss"]
[EventRounds "5"]
[EventCountry "CAN"]

1. d4 Nf6 2. c4 d6 3. Bf4 g6 4. f3 Bg7 5. e4 Nbd7 6. Ne2 e5 7. Be3 exd4 8. Nxd4
c6 9. Nc3 Nc5 10. Qd2 Ne6 11. O-O-O Nc7 12. Bh6 Bxh6 13. Qxh6 Be6 14. e5 Nd7
15. exd6 Na6 16. Nxe6 fxe6 17. Qg7 Qg5+ 18. Kb1 O-O-O 19. Ne4 Qf5 20. Bd3 Nb4
21. Qc3 Nxd3 22. Qxd3 Nf6 23. d7+ Kb8 24. Nxf6 Qxf6 25. Rhe1 Rhf8 26. Qd6+ Ka8
27. Qxe6 Qxe6 28. Rxe6 Kb8 29. Re7 h5 30. Rg7 Rf6 31. Kc2 Kc7 32. Rd2 b6 33.
Kd1 Re6 34. Rd3 Kb7 35. Kd2 Kc7 36. g3 c5 37. h3 a6 38. g4 hxg4 39. hxg4 b5 40.
b3 bxc4 41. bxc4 Rb6 42. f4 Rb2+ 43. Kc3 Rxa2 44. Rxg6 Ra3+ 45. Kc2 Rxd3 46.
Kxd3 Rxd7+ 47. Kc3 Rf7 48. f5 Kb7 49. f6 Kc6 50. g5 Kd6 51. Rg7 Rf8 52. f7 1-0

[Event "11th Edmonton International Qualifier"]
[Site "Edmonton"]
[Date "2016.04.30"]
[Round "3.1"]
[White "Villavieja, Butch"]
[Black "Findlay, Ian"]
[Result "1/2-1/2"]
[WhiteElo "2140"]
[BlackElo "2282"]
[PlyCount "134"]
[EventDate "2016.04.30"]
[EventType "swiss"]
[EventRounds "5"]
[EventCountry "CAN"]

1. e4 c5 2. Nf3 d6 3. d4 cxd4 4. Nxd4 Nf6 5. Nc3 g6 6. Be3 Bg7 7. f3 Nc6 8. Qd2
O-O 9. Bc4 Bd7 10. O-O-O Rc8 11. Bb3 Nxd4 12. Bxd4 b5 13. Nd5 Nxd5 14. Bxg7
Kxg7 15. Bxd5 a5 16. h4 h5 17. a3 Qc7 18. g4 Rh8 19. Rdg1 b4 20. axb4 axb4 21.
Bb3 Qc5 22. gxh5 Rxh5 23. Rg5 Rxg5 24. Qxg5 Qxg5+ 25. hxg5 Rc5 26. Rg1 f6 27.
gxf6+ Kxf6 28. Kd2 Rh5 29. Ke3 Rh2 30. Rd1 g5 31. Rd4 Be6 32. Rxb4 Bxb3 33.
Rxb3 Rxc2 34. Kd3 Rf2 35. Kd4 Ke6 36. Ke3 Rc2 37. Rb5 Kf6 38. b4 Rb2 39. Rb8
Ke5 40. b5 Ke6 41. b6 Kd7 42. Rb7+ Ke6 43. Rb8 Kd7 44. Kd3 Rb3+ 45. Ke2 e5 46.
Kf2 Kc6 47. Rc8+ Kb7 48. Rg8 Rxb6 49. Rxg5 Kc6 50. Rg8 Kd7 51. Kg3 Ke6 52. Kg4
Kf7 53. Rg5 Kf6 54. Rf5+ Ke6 55. Kg5 Rb3 56. Kg6 Ra3 57. Rf8 Ke7 58. Rf6 Rb3
59. Rf5 Ke6 60. Kg5 Ra3 61. Kg4 Ra1 62. Kg3 Rg1+ 63. Kf2 Ra1 64. Rh5 Ra8 65.
Rh4 Ke7 66. Kg3 Rg8+ 67. Kf2 Ra8 1/2-1/2

[Event "11th Edmonton International Qualifier"]
[Site "Edmonton"]
[Date "2016.04.30"]
[Round "3.2"]
[White "Dave, Bhavik"]
[Black "Ebrahim-Shirazi, Behrooz"]
[Result "0-1"]
[WhiteElo "1897"]
[BlackElo "2126"]
[PlyCount "86"]
[EventDate "2016.04.30"]
[EventType "swiss"]
[EventRounds "5"]
[EventCountry "CAN"]

1. d4 d5 2. c4 e6 3. Nc3 Be7 4. Bf4 Nf6 5. cxd5 exd5 6. e3 c6 7. Bd3 O-O 8.
Nge2 Nh5 9. Qc2 h6 10. g4 Nxf4 11. Nxf4 Bd6 12. Nce2 Bxg4 13. h3 Bf3 14. Rg1
Qf6 15. Bf5 Na6 16. a3 Bxe2 17. Nxe2 c5 18. O-O-O c4 19. Nc3 Nc7 20. Bg4 b5 21.
Qf5 Qxf5 22. Bxf5 Rfd8 23. Kc2 a5 24. Ra1 b4 25. axb4 axb4 26. Ne2 b3+ 27. Kd2
Bb4+ 28. Nc3 Nb5 29. Rgb1 Bxc3+ 30. bxc3 g6 31. Bg4 Ra3 32. Bf3 Rda8 33. Rxa3
Rxa3 34. Rb2 Ra2 35. Kc1 Nxc3 36. Rxa2 bxa2 37. Kb2 Kf8 38. Bg2 Ke7 39. f3 Nd1+
40. Kxa2 Nxe3 41. Bh1 Kd6 42. f4 Nf5 43. Kb2 Nxd4 0-1

[Event "11th Edmonton International Qualifier"]
[Site "Edmonton"]
[Date "2016.04.30"]
[Round "3.3"]
[White "Malek, Omid"]
[Black "Wang, Kaixin"]
[Result "1-0"]
[WhiteElo "2035"]
[BlackElo "1851"]
[PlyCount "105"]
[EventDate "2016.04.30"]
[EventType "swiss"]
[EventRounds "5"]
[EventCountry "CAN"]

1. d4 d5 2. Bf4 Bf5 3. e3 Nf6 4. Nf3 e6 5. Nbd2 Bd6 6. Bg3 Nbd7 7. c4 Bxg3 8.
hxg3 h6 9. Qb3 Rb8 10. Be2 O-O 11. O-O c6 12. Rfc1 Re8 13. Qa3 a6 14. c5 Qc7
15. Nb3 Ne4 16. Qa5 Qc8 17. Qa3 Qc7 18. Qa5 Qc8 19. Nbd2 Ndf6 20. b4 Qd8 21.
Nb3 Ng4 22. Qxd8 Rbxd8 23. Rf1 Nc3 24. Nc1 Nxe2+ 25. Nxe2 Nf6 26. Nc3 Nd7 27.
Nd2 Rb8 28. Rfc1 Bd3 29. Nb3 Re7 30. Na5 f6 31. Nd1 e5 32. Nb2 Bg6 33. Rc3 Be8
34. Kf1 exd4 35. exd4 Kf7 36. Re1 Rxe1+ 37. Kxe1 Ke7 38. Re3+ Kd8 39. Nd3 g5
40. Kd2 Bf7 41. Kc3 Nf8 42. a4 Be6 43. Re1 h5 44. Rh1 Bf7 45. Rb1 Be8 46. b5
cxb5 47. axb5 Bxb5 48. Nb4 Nd7 49. Nxd5 b6 50. c6 bxa5 51. c7+ Kc8 52. cxb8=Q+
Kxb8 53. Rh1 1-0

[Event "11th Edmonton International Qualifier"]
[Site "Edmonton"]
[Date "2016.04.30"]
[Round "3.4"]
[White "McLeod, Logan"]
[Black "Briones, Dante"]
[Result "0-1"]
[WhiteElo "1806"]
[BlackElo "2012"]
[PlyCount "74"]
[EventDate "2016.04.30"]
[EventType "swiss"]
[EventRounds "5"]
[EventCountry "CAN"]

1. e4 Nc6 2. d4 d5 3. exd5 Qxd5 4. Nf3 Bg4 5. Nc3 Qe6+ 6. Be3 O-O-O 7. Be2 Bxf3
8. Bxf3 Nxd4 9. O-O Nxf3+ 10. Qxf3 a6 11. Na4 Nf6 12. Nc5 Qd5 13. Qe2 Qc6 14.
Rfd1 Rxd1+ 15. Rxd1 e6 16. Nd3 Bd6 17. Bd4 Nd7 18. c3 f6 19. f4 Re8 20. Qh5 Nf8
21. Qf7 Qd7 22. Qh5 g6 23. Qf3 Qb5 24. Bxf6 Nd7 25. Bd4 Rf8 26. Qg4 Rf5 27. b4
Qd5 28. a4 g5 29. Qh5 c6 30. g4 Rf8 31. Qxg5 e5 32. Nxe5 Bxe5 33. fxe5 Qf3 34.
Re1 Rf4 35. Qg8+ Nf8 36. e6 Rxg4+ 37. Qxg4 Qxg4+ 0-1

[Event "11th Edmonton International Qualifier"]
[Site "Edmonton"]
[Date "2016.04.30"]
[Round "3.5"]
[White "Karmali, Hafiz"]
[Black "Zita, Matthew"]
[Result "1-0"]
[WhiteElo "1977"]
[BlackElo "1596"]
[PlyCount "81"]
[EventDate "2016.04.30"]
[EventType "swiss"]
[EventRounds "5"]
[EventCountry "CAN"]

1. e4 c5 2. Nc3 d6 3. f4 Nf6 4. g3 g6 5. Bg2 Bg7 6. d3 O-O 7. Nf3 Nc6 8. O-O
Bd7 9. h3 a6 10. g4 Ne8 11. f5 Nc7 12. Be3 b5 13. Qc1 b4 14. Ne2 Re8 15. c3 a5
16. d4 cxd4 17. cxd4 e5 18. d5 Na7 19. Rf2 Na6 20. Ng3 Ba4 21. Bf1 Rc8 22. Qe1
Nc5 23. Rc1 Qb6 24. b3 Bb5 25. Rfc2 Bf8 26. Qf2 Bxf1 27. Qxf1 Nb5 28. Ng5 Bh6
29. fxg6 Rf8 30. gxh7+ Kh8 31. Qf6+ Bg7 32. Qf5 Qa7 33. Rf2 Rc7 34. Nh5 f6 35.
Nxg7 Rxg7 36. Ne6 Qf7 37. Bxc5 dxc5 38. Nxf8 Nd4 39. Qc8 Qb7 40. Ng6+ Kxh7 41.
Qh8+ 1-0

[Event "11th Edmonton International Qualifier"]
[Site "Edmonton"]
[Date "2016.05.01"]
[Round "4.1"]
[White "Ebrahim-Shirazi, Behrooz"]
[Black "Haynes, Nicolas"]
[Result "1/2-1/2"]
[WhiteElo "2126"]
[BlackElo "2277"]
[PlyCount "103"]
[EventDate "2016.04.30"]
[EventType "swiss"]
[EventRounds "5"]
[EventCountry "CAN"]

1. d4 Nf6 2. c4 e6 3. Nc3 Bb4 4. e3 O-O 5. Nge2 Re8 6. a3 Bf8 7. d5 d6 8. g3
exd5 9. cxd5 c5 10. dxc6 bxc6 11. Bg2 a5 12. O-O d5 13. b3 Ba6 14. Re1 Nbd7 15.
Qc2 Nc5 16. Rd1 Bxe2 17. Nxe2 a4 18. b4 Nb3 19. Rb1 c5 20. Nf4 Rc8 21. bxc5
Rxc5 22. Qd3 Nxc1 23. Rbxc1 Rxc1 24. Rxc1 Qd6 25. Nxd5 Ng4 26. h3 Ne5 27. Qb5
Qd7 28. Qxd7 Nxd7 29. Rc3 h6 30. Bf1 Rb8 31. Bd3 g6 32. Bc2 Nc5 33. Kf1 Kg7 34.
Rc4 Rd8 35. Nb6 Rb8 36. Nxa4 Nxa4 37. Rxa4 Rc8 38. Be4 Rc3 39. Ra7 Rxa3 40. Rd7
Ra6 41. Bd5 Rf6 42. h4 Bc5 43. Ke2 Kf8 44. f4 Be7 45. Rb7 Ra6 46. Kf3 h5 47. e4
Ra3+ 48. Bb3 Ra1 49. e5 Rc1 50. Rb8+ Kg7 51. Rb7 Kf8 52. Rb8+ 1/2-1/2

[Event "11th Edmonton International Qualifier"]
[Site "Edmonton"]
[Date "2016.05.01"]
[Round "4.2"]
[White "Findlay, Ian"]
[Black "Gardner, Robert"]
[Result "1-0"]
[WhiteElo "2282"]
[BlackElo "2242"]
[PlyCount "123"]
[EventDate "2016.04.30"]
[EventType "swiss"]
[EventRounds "5"]
[EventCountry "CAN"]

1. e4 g6 2. d4 Bg7 3. Nf3 c6 4. Nc3 b5 5. Bd3 d6 6. h3 Nd7 7. O-O Bb7 8. Re1 e5
9. d5 a6 10. dxc6 Bxc6 11. Bf1 Qc7 12. a4 bxa4 13. Nxa4 Ngf6 14. Nc3 Nc5 15.
Ng5 h6 16. b4 Ncd7 17. Nf3 Bb7 18. Ra3 O-O 19. Qd3 Rfc8 20. Rd1 Bf8 21. Rb3 Nb6
22. Be3 Nc4 23. Bc1 Nb6 24. Be3 Rd8 25. Qe2 Rac8 26. Qe1 Ra8 27. Nh2 Bc8 28.
Bxb6 Qxb6 29. Bc4 Bb7 30. Ng4 Nxg4 31. hxg4 Rac8 32. Bd5 Rc7 33. Rd3 Bc8 34.
Qd1 Kg7 35. g3 Be6 36. Kg2 Rdc8 37. Qf3 Qa7 38. Bxe6 fxe6 39. g5 hxg5 40. Qg4
Rf7 41. Rf3 Rxf3 42. Qxf3 Be7 43. Qg4 Rf8 44. Nd1 Rf6 45. Qe2 Qb6 46. Ne3 Rf8
47. Qc4 Qb7 48. f3 Qc8 49. Ra3 Qxc4 50. Nxc4 Rc8 51. Ne3 Rc6 52. c4 g4 53. f4
Rb6 54. Ra4 exf4 55. gxf4 g5 56. f5 exf5 57. Nd5 Rb7 58. exf5 Ra7 59. b5 a5 60.
b6 Rb7 61. Rxa5 Bd8 62. Ra7 1-0

[Event "11th Edmonton International Qualifier"]
[Site "Edmonton"]
[Date "2016.05.01"]
[Round "4.3"]
[White "Briones, Dante"]
[Black "Villavieja, Butch"]
[Result "0-1"]
[WhiteElo "2012"]
[BlackElo "2140"]
[PlyCount "94"]
[EventDate "2016.04.30"]
[EventType "swiss"]
[EventRounds "5"]
[EventCountry "CAN"]

1. e4 c5 2. Nf3 d6 3. d4 cxd4 4. Nxd4 Nf6 5. Nc3 a6 6. f4 e6 7. Be2 Be7 8. a4
Qc7 9. Be3 b6 10. Bf3 Bb7 11. g4 Nc6 12. g5 Nd7 13. Nde2 Na5 14. Bf2 Rc8 15. h4
Nc4 16. b3 Na5 17. O-O O-O 18. Rc1 Rfe8 19. Bg3 Bf8 20. Qd3 Nc5 21. Qe3 Nc6 22.
Rfd1 Nb4 23. Kh2 Qb8 24. Rd2 Qa8 25. h5 d5 26. e5 Ne4 27. Bxe4 dxe4 28. Bf2 Bc5
29. Qg3 Nd5 30. Nxe4 Bxf2 31. Nxf2 Ne7 32. Ng4 Red8 33. Nd4 Nf5 34. Qf2 Rxd4
35. Rxd4 Nxd4 36. Qxd4 Rd8 37. Qf2 Qc8 38. Ne3 Qc6 39. Nc4 Rd4 40. Rg1 Qc5 41.
Nxb6 Qc3 42. Rg3 Qa1 43. Rg1 Qc3 44. Rg3 Qa1 45. Qg1 Rd2+ 46. Kh3 Rd1 47. Rd3
Rxd3+ 0-1

[Event "11th Edmonton International Qualifier"]
[Site "Edmonton"]
[Date "2016.05.01"]
[Round "4.4"]
[White "Young, Joseph"]
[Black "Malek, Omid"]
[Result "0-1"]
[WhiteElo "1853"]
[BlackElo "2035"]
[PlyCount "64"]
[EventDate "2016.04.30"]
[EventType "swiss"]
[EventRounds "5"]
[EventCountry "CAN"]

1. e4 e6 2. d4 d5 3. e5 c5 4. c3 Nc6 5. Nf3 Qb6 6. Be2 cxd4 7. cxd4 Nge7 8. Bd3
Bd7 9. Bc2 Nb4 10. O-O Nxc2 11. Qxc2 Nf5 12. Be3 Be7 13. Kh1 O-O 14. g4 Nxe3
15. fxe3 f6 16. Nc3 Be8 17. Qg2 Bg6 18. exf6 gxf6 19. h4 Kh8 20. h5 Bd3 21. Rg1
h6 22. Qd2 Bh7 23. a3 Rad8 24. b4 Qd6 25. Raf1 Rg8 26. Rg2 a6 27. Rgg1 Rc8 28.
Rc1 Rc7 29. Na4 Be4 30. Qe2 Rxc1 31. Rxc1 Qg3 32. Rf1 Rxg4 0-1

[Event "11th Edmonton International Qualifier"]
[Site "Edmonton"]
[Date "2016.05.01"]
[Round "4.5"]
[White "Karmali, Hafiz"]
[Black "Dave, Bhavik"]
[Result "0-1"]
[WhiteElo "1977"]
[BlackElo "1897"]
[PlyCount "76"]
[EventDate "2016.04.30"]
[EventType "swiss"]
[EventRounds "5"]
[EventCountry "CAN"]

1. d4 Nf6 2. c4 g6 3. Nc3 d5 4. cxd5 Nxd5 5. Bd2 Bg7 6. e4 Nxc3 7. Bxc3 O-O 8.
Nf3 b6 9. Bd3 Bb7 10. O-O e6 11. Rc1 Nd7 12. b4 c5 13. dxc5 bxc5 14. Bxg7 Kxg7
15. Bb5 Nf6 16. e5 Ng4 17. Rxc5 Rc8 18. Rxc8 Qxd1 19. Rxd1 Rxc8 20. Nd4 Nxe5
21. h3 Kf6 22. f4 Nc6 23. Nxc6 Bxc6 24. Rc1 Bd7 25. Rxc8 Bxc8 26. Bc6 e5 27.
fxe5+ Kxe5 28. Kf2 f5 29. Ke3 g5 30. b5 h5 31. a4 h4 32. a5 Kd6 33. Kd4 g4 34.
hxg4 fxg4 35. Be4 Kc7 36. Kc5 Bb7 37. Kd4 h3 38. gxh3 gxh3 0-1